Nascimento da Europa (Record no. 142462)

MARC details
000 -LÍDER
campo de controle de tamanho fixo 00366 a2200133 4500
001 - NÚMERO DE CONTROLE
campo de controle 142462
040 ## - FONTE DA CATALOGAÇÃO
Instituição que transcreveu o registro Leonardo Da Vinci
041 ## - CÓDIGO DE IDIOMA
Código do idioma do texto/trilha sonora ou título diferente Português
082 ## - CDD - CLASSIFICAÇÃO DECIMAL DE DEWEY
Número de Classificação v204
100 ## - ENTRADA PRINCIPAL--NOME PESSOAL
Nome pessoal COLÉGIO Leonardo da Vinci - Anglo
245 ## - TÍTULO
Título Nascimento da Europa
Restante do título o despertar da civilização
697 ## - ENTRADA DE ASSUNTO LOCAL--ENTIDADE COLETIVA (RLIN)
Nome corporativo ou nome da jurisdição Anglo
-- História
-- Europa
-- O carvão e a Era Industrial
942 ## - ELEMENTOS DE ENTRADA ADICIONADOS (KOHA)
Tipo de material Koha Materiais visuais
Holdings
Situação do descarte Situação das perdas Situação física Não pode ser emprestado Biblioteca de origem Biblioteca atual Data de aquisição Total de empréstimos Número de chamada completo Código de barras Data de último acesso Data do preço efetivo Tipo de material Koha
        Leonardo Da Vinci - Alphaville 1 Leonardo Da Vinci - Alphaville 1 27/03/2024   v204 A0209LVA 27/03/2024 27/03/2024 Materiais visuais